Представление документа в формате MARC21

Поле Инд. ПП Название Значение
Тип записи a
Библиографический уровень m
001 Контрольный номер 3fb138a3-6b8c-46db-85d8-0461c76c9651
005 Дата корректировки 20140703132453.5
008 Кодируемые данные 040616
020 a ISBN 5-89176-253-6
c Цена, тираж 73.00
040 a Служба первич. каталог. НБ ТвГУ
041 a Код языка текста rus
080 a Индекс УДК 541.49
084 a Индекс другой классификации/Индекс ББК Г116.6
090 x Авторский знак М69
a Полочн. индекс Г116.6
100 1_ a Автор Михайлов Олег Васильевич
245 00 a Заглавие Желатин - иммобилизованные металлокомплексы
c Ответственность О. В. Михайлов
260 0_ a Место издания Москва
b Издательство Научный Мир
c Дата издания 2004
300 a Объем 235 с.
b Иллюстрации/ тип воспроизводства ил.
504 a Библиография Библиогр.: с.222-235.
583 a Действие Получение впервые 267 16.06.2004
k Исполнитель действия Дар РГГУ
650 a Основная рубрика Металлы
x Основная подрубрика Комплексные соединения
x Основная подрубрика Иммобилизация желатином
650 a Основная рубрика Комплексообразование
653 a Ключевые слова Металлокомплексы
a Ключевые слова Комплексообразование
a Ключевые слова Иммобилизация металлокомплексов
a Ключевые слова Комплексные соединения металлов
a Ключевые слова Желатин-иммобилизованные металлокомплексы
852 t Порядковый номер экземпляра 2
p Инвентарный номер 786511
p Инвентарный номер 786512
888 a бесплатно
952 p 267.2004 73.00 1 786511
p 267.2004 73.00 1 786512
c Вид литературы К рн
954 a Дата поступления на обработку 20050211
999 a Подразделение 2 Фил3